| 000 | 00580nam a2200193Ia 4500 | ||
|---|---|---|---|
| 008 | 140429s9999 xx 000 0 und d | ||
| 020 | _a9780745651286 | ||
| 050 |
_aJC 311 _b.Sm5392 2010 |
||
| 100 | _aSmith, Anthony D. | ||
| 245 |
_aNationalism : _btheory, ideology,history / _cAnthony D. Smith. |
||
| 260 |
_aMassachusetts : _bPolity Press, _cc2010. |
||
| 300 |
_a209 p. : _c23 cm. |
||
| 440 | _a(Key concepts (Polity Press). | ||
| 500 | _aIncludes bibliographical references and index. | ||
| 521 | _aGE | ||
| 650 | _aNationalism. | ||
| 942 |
_kFOR _cBK |
||
| 999 |
_c115716 _d115716 |
||